| 000 | 00337 a2200097 4500 | ||
|---|---|---|---|
| 245 | 0 | 0 |
_aGeneratory impulsowe pomiarowe - Ogólne wymagania i badania PN-84/T-06508 / _cMin. Przem. Maszynowego. |
| 246 | 1 | 3 | _aPN-84/T-06508 |
| 246 | 1 | 3 | _a621.373:621.317.726 |
| 260 |
_aWarszawa : _bMin. Przem. Maszynowego, _c1984. |
||
| 300 |
_a6 stron ; _c30 cm. |
||
| 650 | _aPolska norma | ||
| 999 |
_c20938 _d20938 |
||